000 00988nam0a22002891 4500
001 rc\4892669
005 20250612202216.0
021 _aRU
_b[62-75994]
035 _a(NLR Aleph) 008830629
090 _a8280011
_c8280011
100 _a20130426d1962 |||y0rusy50 ca
101 1 _arus
_clak
102 _aRU
105 _aa z |||a|
200 1 _aПакет из Москвы
_e[Стихи
_eДля мл. школьного возраста
_fПеревод с лакского Г. Мамлина
_gИл.: Б. Кунявский]
210 _aМосква
_cДет. мир
_d1962
215 _a[12] с.
_cил.
_d28
300 _aПеред загл. авт.: Нурадин Юсупов
700 1 _aЮсупов
_bН.
_f1931-
_gНуратдин Абакарович
702 1 _aМамлин
_bГ.
_4730
702 1 _aКунявский
_bБ.
_4440
801 0 _aRU
_bNLR
_gpsbo
801 1 _aRU
_bELAR
_2rusmarc
852 _aNLR
_j62-8/2678
942 _cBOOK
980 _aNB